| 000 | 00536nam a2200205Ia 4500 | ||
|---|---|---|---|
| 005 | 20260415160328.0 | ||
| 008 | 008 250505s9999 xx 000 0 eng d | ||
| 037 | _aTextual | ||
| 040 |
_aFEDL _beng _cFEDL |
||
| 041 |
_aeng _2eng |
||
| 084 |
_a170 TRI _qFEDL |
||
| 100 |
_aTrivedi A.K. _9755669 |
||
| 245 | 2 | _aA manual of ethics | |
| 250 | _a2nd | ||
| 260 |
_aBombay, India _bThe Popular Book Depot |
||
| 300 | _a227p. | ||
| 650 | _aEthics | ||
| 942 |
_cTEXL _h170 TRI |
||
| 999 |
_c1321713 _d1321713 |
||